Developing an energy action area (Record no. 106812)

MARC details
000 -LEADER
fixed length control field 01199cam a22002295a 4500
001 - CONTROL NUMBER
control field L137541
008 - FIXED-LENGTH DATA ELEMENTS--GENERAL INFORMATION
fixed length control field 110901s2006 xxkabd f l000 0 eng d
035 ## - SYSTEM CONTROL NUMBER
System control number (Sirsi) u137541
041 0# - LANGUAGE CODE
Language code of text/sound track or separate title eng
050 04 - LIBRARY OF CONGRESS CALL NUMBER
Classification number 333.72 $2 18
110 2# - MAIN ENTRY--CORPORATE NAME
Corporate name or jurisdiction name as entry element London Energy Partnership
9 (RLIN) 5082
245 00 - TITLE STATEMENT
Title Developing an energy action area
Remainder of title a beginner's guide
Medium [electronic resource]
260 ## - PUBLICATION, DISTRIBUTION, ETC.
Place of publication, distribution, etc. London
Name of publisher, distributor, etc. London Energy Partnership
Date of publication, distribution, etc. 2006
520 ## - SUMMARY, ETC.
Summary, etc. Energy Action Areas aim to cut carbon emissions and demonstrate that sustainable energy can be cost effective and easy to install. Details how to select an area and appropriate technologies for that area, what the key steps are, what the delivery mechanisms might be, how to fund it and how to build support for the project. Draws on work conducted in existing pilot Energy Action Areas, particularly Barking town centre.
590 ## - LOCAL NOTE (RLIN)
Local note KA
650 24 - SUBJECT ADDED ENTRY--TOPICAL TERM
Topical term or geographic name entry element CARBON REDUCTION
651 #4 - SUBJECT ADDED ENTRY--GEOGRAPHIC NAME
Geographic name London
690 ## - LOCAL SUBJECT ADDED ENTRY--TOPICAL TERM (OCLC, RLIN)
Topical term or geographic name as entry element ENVIRONMENTAL AND LAND CONSULTANCY-ENERGY-RENEWABLE ENERGY
710 1# - ADDED ENTRY--CORPORATE NAME
Corporate name or jurisdiction name as entry element SEA/RENUE Ltd
856 40 - ELECTRONIC LOCATION AND ACCESS
Uniform Resource Identifier <a href="https://www.lep.org.uk/uploads/Guide%20to%20Developing%20an%20Energy%20Action%20Area.pdf">https://www.lep.org.uk/uploads/Guide%20to%20Developing%20an%20Energy%20Action%20Area.pdf</a>
Public note View the item free of charge at www.london.gov.uk
942 ## - ADDED ENTRY ELEMENTS (KOHA)
Suppress in OPAC 0
Holdings
Withdrawn status Lost status Source of classification or shelving scheme Damaged status Not for loan Home library Current library Shelving location Date acquired Total Checkouts Full call number Barcode Date last seen Copy number Price effective from Koha item type
    Dewey Decimal Classification     Virtual Virtual Online 13/04/2007   L137541 137541-1001 06/08/2019 1 06/08/2019 Book